000 00770nam a22001937a 4500
003 BDDh-ASL
005 20231015031230.0
008 220427s2011 ii ||||| |||| 00| 0 b d
040 _cBDDh-ASL
041 _abengali
082 _a910
_bDEP
100 1 _aদেবরায়, মনোজ বিকাশ
_97546
245 1 0 _aপ্রবাসের দিনলিপি:
_b(প্রভুপাদ বিনোদ কিশোর ঘোস্বামীর ভূমিকাসহ) /
246 _aProbasher Dinlipi.
260 _aসিলেট:
_bমনোজ বিকাশ দেবরায়,
_c২০১৪।
300 _a১৪৪ পৃষ্ঠা;
_c২২ সে.মি.
650 0 _96149
_aTrabel (ভ্রমণ)
942 _2ddc
_cBK
999 _c31097
_d31097